000 00594nam a2200253Ia 4500
003 OSt
005 20250325134720.0
008 210329s9999||||xx |||||||||||||| ||und||
020 _a9788174789815
040 _cSTCPL
041 _aENG
041 _hENG
082 _a912.54
_bSUR-R
245 0 _aRoad lines of India /
_cby Sura Books
260 _aChennai :
_bSura Books
300 _a72 p.
_bPB
650 _aHistory and geography 
650 _aGeography and travel 
650 _aMaps of Asia 
650 _aIndia
942 _cBK
942 _2ddc
_n0
942 _2ddc
_n0
999 _c56791
_d56791